बेटे और प्रेमी / (Record no. 117616)
[ view plain ]
| 000 -LEADER | |
|---|---|
| fixed length control field | 01172nam a22002777a 4500 |
| 005 - DATE AND TIME OF LATEST TRANSACTION | |
| control field | 20170124103058.0 |
| 010 ## - LIBRARY OF CONGRESS CONTROL NUMBER | |
| LC control number | B-076523 |
| 020 ## - INTERNATIONAL STANDARD BOOK NUMBER | |
| Terms of availability | 380.00 |
| International Standard Book Number | 8187524138 |
| 035 ## - SYSTEM CONTROL NUMBER | |
| System control number | B-076523 |
| 037 ## - SOURCE OF ACQUISITION | |
| Source of stock number/acquisition | Cen Lib/Ret |
| 040 ## - CATALOGING SOURCE | |
| Original cataloging agency | DPL |
| Language of cataloging | HN |
| 082 ## - DEWEY DECIMAL CLASSIFICATION NUMBER | |
| Classification number | उ |
| Item number | लॉरेंस |
| 100 ## - MAIN ENTRY--PERSONAL NAME | |
| Personal name | लॉरेंस, डी.एच. |
| 9 (RLIN) | 75744 |
| 245 ## - TITLE STATEMENT | |
| Title | बेटे और प्रेमी / |
| Statement of responsibility, etc | डी.एच. लॉरेंस; अनुवादक गोपाल शर्मा |
| 246 ## - VARYING FORM OF TITLE | |
| Title proper/short title | Bete aur premi / |
| Remainder of title | by D.H. Lawrence; anuvadak Gopal Sharma |
| 260 ## - PUBLICATION, DISTRIBUTION, ETC. (IMPRINT) | |
| Place of publication, distribution, etc | मेरठ |
| Name of publisher, distributor, etc | संवाद प्रकाशन |
| Date of publication, distribution, etc | 2002 |
| 270 ## - ADDRESS | |
| City | मेरठ |
| Address | आई-499, शास्त्रीनगर |
| Postal code | 250004 |
| 300 ## - PHYSICAL DESCRIPTION | |
| Extent | 477पृ. |
| Dimensions | 21सेमी (सजिल्द) |
| 490 ## - SERIES STATEMENT | |
| Series statement | विश्व ग्रन्थमाला, 9 |
| 650 ## - SUBJECT ADDED ENTRY--TOPICAL TERM | |
| Topical term or geographic name as entry element | साहित्य--उपन्यास |
| 9 (RLIN) | 75745 |
| 650 ## - SUBJECT ADDED ENTRY--TOPICAL TERM | |
| Topical term or geographic name as entry element | अंग्रेजी उपन्यास |
| 9 (RLIN) | 75746 |
| 650 ## - SUBJECT ADDED ENTRY--TOPICAL TERM | |
| Topical term or geographic name as entry element | Literature--Fiction |
| 9 (RLIN) | 75747 |
| 650 ## - SUBJECT ADDED ENTRY--TOPICAL TERM | |
| Topical term or geographic name as entry element | English novel |
| 9 (RLIN) | 14422 |
| 700 ## - ADDED ENTRY--PERSONAL NAME | |
| Personal name | शर्मा, गोपाल |
| 9 (RLIN) | 75748 |
| 942 ## - ADDED ENTRY ELEMENTS (KOHA) | |
| Source of classification or shelving scheme | Dewey Decimal Classification |
| Koha item type | Hindi Books |
| Classification part | उ |
| Call number suffix | लॉरेंस |
| Withdrawn status | Lost status | Damaged status | Not for loan | Home library | Current library | Date acquired | Source of acquisition | Cost, normal purchase price | Total Checkouts | Full call number | Barcode | Date last seen | Date checked out | Copy number | Cost, replacement price | Price effective from | Koha item type |
|---|---|---|---|---|---|---|---|---|---|---|---|---|---|---|---|---|---|
| Central Library | Central Library | 07/09/2015 | Cen Lib/Ret | 380.00 | 2 | उ लॉरेंस | B-076523 | 14/11/2017 | 11/11/2017 | 1 | 380.00 | 07/09/2015 | Hindi Books |
